[Event "CZE-chT1E 1112"]
[Site "Czech Republic"]
[Date "2011.10.23"]
[Round "2.7"]
[White "Grustik, Radomir"]
[Black "Kanok, Jaroslav"]
[Result "0-1"]
[WhiteElo "2218"]
[BlackElo "2192"]
[PlyCount "82"]
[EventDate "2011.10.02"]
[EventType "team-tourn"]
[EventRounds "11"]
[EventCountry "CZE"]
[SourceTitle "EXT 2012"]
[Source "ChessBase"]
[SourceDate "2011.11.24"]
[SourceVersion "1"]
[SourceVersionDate "2011.11.24"]
[SourceQuality "1"]
[WhiteTeam "Karvina"]
[BlackTeam "Ostrava Labortech II"]
[WhiteTeamCountry "CZE"]
[BlackTeamCountry "CZE"]

1. e4 d5 2. exd5 Qxd5 3. d4 e5 4. dxe5 Qxe5+ 5. Qe2 Qxe2+ 6. Bxe2 Bf5 7. c3 Bd6 8. Nf3 Nc6 9. Nbd2 Nf6 10. Nc4 Be7 11. 0-0 0-0-0 12. Nfe5 Nxe5 13. Nxe5 Be6 14. Bc4 Bxc4 15. Nxc4 Nd5 16. g3 Bf6 17. a4 Rhe8 18. Ne3 h5 19. Rd1 Ne7 20. Rxd8+ Rxd8 21. Kf1 Nc6 22. f4 g6 23. Ke2 Na5 24. Ra3 c5 25. b4 cxb4 26. cxb4 Nc6 27. b5 Nd4+ 28. Kf2 Ne6 29. Nc4 Rd4 30. Rc3 Kd7 31. Rc2 b6 32. a5 bxa5 33. Be3 Rd1 34. Bxa7 Rb1 35. Rd2+ Ke8 36. Nxa5 Rxb5 37. Nc4 Rb3 38. f5 gxf5 39. Nd6+ Kf8 40. Nxf5 Ng5 41. Rc2 Rf3+ 0-1

[Event "CZE-chT1E 1112"]
[Site "Czech Republic"]
[Date "2011.10.02"]
[Round "1.6"]
[White "Grustik, Radomir"]
[Black "Obsivac, Josef"]
[Result "1/2-1/2"]
[WhiteElo "2218"]
[BlackElo "2274"]
[PlyCount "93"]
[EventDate "2011.10.02"]
[EventType "team-tourn"]
[EventRounds "11"]
[EventCountry "CZE"]
[SourceTitle "EXT 2012"]
[Source "ChessBase"]
[SourceDate "2011.11.24"]
[SourceVersion "1"]
[SourceVersionDate "2011.11.24"]
[SourceQuality "1"]
[WhiteTeam "Karvina"]
[BlackTeam "Grygov II"]
[WhiteTeamCountry "CZE"]
[BlackTeamCountry "CZE"]

1. e4 e6 2. d4 d5 3. exd5 exd5 4. c4 Nf6 5. Nf3 Be7 6. cxd5 Nxd5 7. Bc4 0-0 8. 0-0 Nc6 9. Ne5 Qd6 10. Bxd5 Qxd5 11. Nc3 Qd8 12. Nxc6 bxc6 13. Bf4 Rb8 14. Qe2 Bd6 15. Bxd6 cxd6 16. b3 Re8 17. Qf3 Qg5 18. Rfe1 Bd7 19. Re3 Rxe3 20. Qxe3 Qxe3 21. fxe3 Kf8 22. Kf2 Ke7 23. Ke2 f6 24. Re1 Be8 25. Kd2 Rb4 26. Rf1 Bg6 27. Rf4 Rb8 28. d5 cxd5 29. Nxd5+ Ke6 30. Rd4 Bf7 31. Nc3 Be8 32. Rc4 Rb7 33. Kd3 Kd7 34. Kd4 Kd8 35. Nd1 Rb6 36. Kc3 Rc6 37. a4 Kc7 38. Nb2 Bf7 39. Rxc6+ Kxc6 40. Nd3 Kd5 41. Nf2 Bg6 42. Kd2 Be8 43. Kc3 Bc6 44. g3 Bb7 45. Kd2 Ba6 46. Kc3 Bf1 47. Kb4 1/2-1/2

[Event "CZE-chT1E 0910"]
[Site "Czech Republic"]
[Date "2010.01.24"]
[Round "7.6"]
[White "Sikorova, Olga"]
[Black "Grustik, Radomir"]
[Result "1-0"]
[WhiteElo "2269"]
[BlackElo "2225"]
[PlyCount "75"]
[EventDate "2009.11.15"]
[EventType "team-tourn"]
[EventRounds "11"]
[EventCountry "CZE"]
[SourceTitle "EXT 2011"]
[Source "ChessBase"]
[SourceDate "2010.11.26"]
[SourceVersion "1"]
[SourceVersionDate "2010.11.26"]
[SourceQuality "1"]
[WhiteTeam "Trinec"]
[BlackTeam "Karvina"]
[WhiteTeamCountry "CZE"]
[BlackTeamCountry "CZE"]

1. f4 c5 2. b3 Nf6 3. Bb2 e6 4. e3 Be7 5. Nf3 0-0 6. Be2 b6 7. 0-0 Bb7 8. Qe1 Nc6 9. a3 d5 10. d3 Nd7 11. Qg3 Bf6 12. d4 a5 13. Ne5 cxd4 14. exd4 Ndxe5 15. fxe5 Bh4 16. Qh3 Ba6 17. Bxa6 Rxa6 18. a4 Ra7 19. Na3 Rb7 20. Nb5 Na7 21. Nd6 Rd7 22. c4 dxc4 23. bxc4 Be7 24. Ba3 Bxd6 25. Bxd6 Rxd6 26. exd6 Qxd6 27. Qe3 Nc6 28. c5 Qd8 29. Rab1 Nb4 30. Rfc1 Qd7 31. cxb6 Qxa4 32. d5 exd5 33. Qe7 Nd3 34. Rf1 Qd4+ 35. Kh1 Nf2+ 36. Rxf2 Qxf2 37. Qxf8+ Kxf8 38. b7 1-0

[Event "CZE-chT1E 0809"]
[Site "Czech Republic"]
[Date "2008.11.16"]
[Round "3.6"]
[White "Hladik, Josef"]
[Black "Grustik, Radomir"]
[Result "0-1"]
[WhiteElo "2191"]
[BlackElo "2268"]
[PlyCount "54"]
[EventDate "2008.11.08"]
[EventType "tourn"]
[EventRounds "11"]
[EventCountry "CZE"]
[SourceTitle "EXT 2010"]
[Source "ChessBase"]
[SourceDate "2010.11.25"]
[SourceVersion "1"]
[SourceVersionDate "2010.11.25"]
[SourceQuality "1"]
[WhiteTeam "Brno Lokomotiva"]
[BlackTeam "Karvina"]
[WhiteTeamCountry "CZE"]
[BlackTeamCountry "CZE"]

1. d4 d5 2. Nf3 e6 3. g3 c5 4. Bg2 Nc6 5. 0-0 Nf6 6. c4 dxc4 7. Qa4 Bd7 8. Qxc4 Qb6 9. dxc5 Qxc5 10. Qxc5 Bxc5 11. Nc3 0-0 12. a3 Rac8 13. b4 Be7 14. Bb2 Rfd8 15. Rfd1 Be8 16. h3 h6 17. e3 Kf8 18. Kf1 b6 19. Rac1 a5 20. b5 Nb8 21. Ne5 Rxd1+ 22. Rxd1 Rc5 23. Nd3 Bxb5 24. Nxb5 Rxb5 25. a4 Rb3 26. Rc1 Rxd3 27. Rc8+ Rd8 0-1

[Event "CZE-chT2f 0607"]
[Site "Czech Republic"]
[Date "2007.02.25"]
[Round "8.7"]
[White "Hajek, Michal"]
[Black "Grustik, Radomir"]
[Result "1/2-1/2"]
[WhiteElo "2230"]
[BlackElo "2219"]
[PlyCount "37"]
[EventDate "2006.10.14"]
[EventType "team-tourn"]
[EventRounds "11"]
[EventCountry "CZE"]
[SourceTitle "EXT 2009"]
[Source "ChessBase"]
[SourceDate "2008.11.26"]
[SourceVersion "1"]
[SourceVersionDate "2008.11.26"]
[SourceQuality "1"]

1. e4 e5 2. Nf3 Nc6 3. Bb5 Bc5 4. 0-0 d6 5. c3 a6 6. Bxc6+ bxc6 7. d4 exd4 8. cxd4 Bb6 9. Bg5 Ne7 10. Nc3 0-0 11. h3 f6 12. Bh4 Ng6 13. Bg3 Be6 14. a4 c5 15. d5 Bd7 16. a5 Ba7 17. Qd3 Qc8 18. Nd2 Rb8 19. b3 1/2-1/2

[Event "CZE-chT2f 0607"]
[Site "Czech Republic"]
[Date "2006.12.03"]
[Round "4.6"]
[White "Grustik, Radomir"]
[Black "Bulava, Petr"]
[Result "1/2-1/2"]
[WhiteElo "2219"]
[BlackElo "2111"]
[PlyCount "100"]
[EventDate "2006.10.14"]
[EventType "team-tourn"]
[EventRounds "11"]
[EventCountry "CZE"]
[SourceTitle "EXT 2009"]
[Source "ChessBase"]
[SourceDate "2008.11.26"]
[SourceVersion "1"]
[SourceVersionDate "2008.11.26"]
[SourceQuality "1"]

1. e4 c5 2. Nf3 Nc6 3. d4 cxd4 4. Nxd4 Nf6 5. Nxc6 bxc6 6. Bd3 g6 7. 0-0 d6 8. b3 Bg7 9. Bb2 0-0 10. c4 Qc7 11. f3 a5 12. Kh1 Nd7 13. Bxg7 Kxg7 14. Nc3 Nc5 15. Rb1 Bd7 16. Bc2 f6 17. Qd2 Qb6 18. a3 Ne6 19. Rfd1 Qc5 20. Na4 Qa7 21. b4 axb4 22. axb4 c5 23. b5 Nd4 24. Ra1 Be6 25. Qc3 Rfb8 26. Bd3 h5 27. Rdb1 h4 28. h3 Qc7 29. Bf1 g5 30. Qb2 Qb7 31. Nc3 Rxa1 32. Rxa1 Nc6 33. Nd5 Bxd5 34. exd5 Nd4 35. Ra3 Qc7 36. Bd3 Qd7 37. Bb1 e6 38. dxe6 Qxe6 39. Ra7+ Kf8 40. Qc3 Re8 41. Be4 f5 42. Qd2 fxe4 43. Qxg5 Re7 44. Ra8+ Kf7 45. f4 Qg6 46. Qd5+ Re6 47. Qb7+ Re7 48. Qd5+ Re6 49. Qb7+ Re7 50. Qd5+ Re6 1/2-1/2

[Event "CZE-chT1 East 0506"]
[Site "Czech Republic"]
[Date "2006.04.02"]
[Round "11.6"]
[White "Jasny, Stanislav"]
[Black "Grustik, Radomir"]
[Result "1-0"]
[WhiteElo "2341"]
[BlackElo "2224"]
[PlyCount "101"]
[EventDate "2005.10.23"]
[EventType "team-tourn"]
[EventRounds "11"]
[EventCountry "CZE"]
[SourceTitle "EXT 2008"]
[Source "ChessBase"]
[SourceDate "2007.11.25"]
[SourceVersion "1"]
[SourceVersionDate "2007.11.25"]
[SourceQuality "1"]

1. e4 c5 2. Nf3 d6 3. d4 cxd4 4. Nxd4 Nf6 5. Nc3 e6 6. Be2 Be7 7. 0-0 Nc6 8. Be3 0-0 9. f4 Bd7 10. Ndb5 Qb8 11. a4 a6 12. Na3 Na5 13. Bb6 Bd8 14. Qd4 Nc6 15. Qf2 Bxb6 16. Qxb6 Rd8 17. Rad1 Be8 18. Bf3 Nd7 19. Qe3 Qc7 20. Nc4 Nf6 21. Rf2 Na5 22. Nb6 Rab8 23. Rfd2 Kf8 24. g4 h6 25. b3 Nc6 26. Nc4 d5 27. exd5 exd5 28. Nxd5 Nxd5 29. Bxd5 Ne7 30. Bf3 b5 31. axb5 axb5 32. Ne5 Rxd2 33. Rxd2 Rd8 34. Rxd8 Qxd8 35. c4 bxc4 36. bxc4 Qc7 37. Qd4 f6 38. Nd3 Bf7 39. c5 Be8 40. Kf2 Bc6 41. Qd6 Qb7 42. Bxc6 Qxc6 43. Qxc6 Nxc6 44. Ke3 Kf7 45. Ke4 g6 46. Kd5 Ne7+ 47. Kd6 f5 48. Ne5+ Kf6 49. g5+ hxg5 50. fxg5+ Kxg5 51. Kxe7 1-0